000
00203 a2200097 4500
020
_a
9780062436177
041
_a
eng
100
_a
Satin Capucilli, Alyssa
245
_a
Biscuit loves the park
942
_c
BK
999
_c
31784
_d
31782